000
00226 a2200097 4500
001
35114
100
_a
Abdul Puddus
245
_a
North West Frontier of Pakistan
260
_a
Karachi
_b
Royal Book Co
_c
090
_c
23258
_d
23258
942
_a
NUST-CAE
_c
M
_c
14734
999
_c
270187
_d
270187